[Event "Viking Challenge"]
[Site "SchemingMind.com"]
[Date "2015.02.28"]
[Round "-"]
[White "Scooter"]
[Black "DHall"]
[Result "0-1"]
[WhiteCountry "USA"]
[BlackCountry "ENG"]
[WhiteElo "1708"]
[WhiteRD "44"]
[BlackElo "2131"]
[BlackRD "85"]
[GameID "375497"]

1. e4 d5 2. exd5 Qxd5 3. Nc3 Qd8 4. Bc4 Nf6 5. Nf3 e6 6. O-O Be7 7. d3 a6 8. a3 b5 9. Ba2 Bb7 10. Bg5 Nbd7
11. Re1 h6 12. Bf4 Bd6 13. Bxd6 cxd6 14. Nd4 Qb6 15. Nf3 O-O 16. h3 Rac8 17. b4 Rxc3
0-1

[Event "Viking Challenge"]
[Site "SchemingMind.com"]
[Date "2015.02.28"]
[Round "-"]
[White "DHall"]
[Black "Scooter"]
[Result "1-0"]
[WhiteCountry "ENG"]
[BlackCountry "USA"]
[WhiteElo "2131"]
[WhiteRD "85"]
[BlackElo "1708"]
[BlackRD "44"]
[GameID "375498"]

1. e4 d5 2. exd5 Qxd5 3. Nc3 Qd8 4. d4 Nf6 5. Bc4 g6 6. Nf3 Bg7 7. O-O O-O 8. h3 b6 9. Bf4 Bb7 10. Re1 e6
11. Nb5 Ba6 12. c3 Bxb5 13. Bxb5 c6 14. Bd3 Nd5 15. Bh2 Nd7 16. Ba6 Nc7 17. Bb7 Rb8 18. Bxc6 Nf6 19. Ne5 b5 20. Bf3 Rb6
21. a4 Nd7 22. Nc6
1-0

[Event "Viking Challenge"]
[Site "SchemingMind.com"]
[Date "2015.02.27"]
[Round "-"]
[White "Scooter"]
[Black "kenneth m day"]
[Result "0-1"]
[WhiteCountry "USA"]
[BlackCountry "USA"]
[WhiteElo "1713"]
[WhiteRD "44"]
[BlackElo "1792"]
[BlackRD "50"]
[GameID "375499"]

1. e4 d5 2. exd5 Qxd5 3. Nc3 Qd6 4. Nf3 Nf6 5. Bc4 c6 6. O-O Bg4 7. d3 Nbd7 8. Re1 e6 9. Ne4 Nxe4 10. Rxe4 Bh5
11. Bf4 Qc5 12. a3 Be7 13. Be3 Qf5 14. h3 Bxf3 15. Qxf3 Qxf3 16. gxf3 O-O 17. Bf4 Nf6 18. Re2 Rfd8 19. Rae1 Nh5 20. Bg3 Bc5
21. Kg2 Nxg3 22. fxg3 Bd4 23. c3 Bf6 24. d4 Rac8 25. h4 h6 26. h5 b5 27. Bb3 a5 28. Bc2 c5 29. dxc5 Rxc5 30. g4 Rcd5
31. Be4 Rd2 32. Kf2 Bh4+
0-1

[Event "Viking Challenge"]
[Site "SchemingMind.com"]
[Date "2015.02.27"]
[Round "-"]
[White "kenneth m day"]
[Black "Scooter"]
[Result "0-1"]
[WhiteCountry "USA"]
[BlackCountry "USA"]
[WhiteElo "1733"]
[WhiteRD "54"]
[BlackElo "1726"]
[BlackRD "46"]
[GameID "375500"]

1. e4 d5 2. exd5 Qxd5 3. Nc3 Qd8 4. d4 Nf6 5. Bc4 g6 6. Bg5 Bg7 7. Nf3 Bg4 8. Qd3 Bf5 9. Qd2 Nbd7 10. O-O-O O-O
11. Nh4 Ne4 12. Nxe4 Bxe4 13. f3 Bc6 14. Rde1 Bf6 15. f4 e6 16. Nf3 Bxf3 17. gxf3 Nb6 18. Bb3 Qxd4 19. Qxd4 Bxd4 20. c3 Bg7
21. Bh4 Nd5 22. Bg3 Bh6 23. Re4 Rad8 24. Kc2 Rfe8 25. Rd1 f5 26. Red4 Ne3+ 27. Kc1 Nxd1 28. Kxd1 Rxd4+ 29. cxd4 Kf7 30. Ke2 Rd8
31. Ke3 Bg7 32. Be1 Bxd4+ 33. Ke2 Bxb2 34. Bf2 b6 35. Be3 Kf6 36. Bc4 Bd4 37. Bc1 Bg1 38. h3 Rd4 39. Bb2 c5 40. Bxd4+ Bxd4
41. Kd3 e5 42. fxe5+ Kxe5 43. Bg8 h6 44. Bh7 Kf6 45. Bg8 Kg5 46. Bf7 Kf6 47. Be8 g5 48. Bd7 Ke5 49. Bc8 Kf4 50. Bb7 Kg3
51. Bc8 Kxh3 52. Bxf5+ Kh4 53. Be6 h5 54. Bf5 g4 55. fxg4 hxg4 56. Be4 Kg3 57. Ke2 Kf4 58. Bd5 g3 59. Bg2 c4 60. Kd2 b5
61. Bc6 b4 62. Bg2 b3 63. axb3 cxb3 64. Kc1 a5
0-1

[Event "Viking Challenge"]
[Site "SchemingMind.com"]
[Date "2015.02.28"]
[Round "-"]
[White "kenneth m day"]
[Black "DHall"]
[Result "1-0"]
[WhiteCountry "USA"]
[BlackCountry "ENG"]
[WhiteElo "1792"]
[WhiteRD "50"]
[BlackElo "1899"]
[BlackRD "65"]
[GameID "375501"]

1. e4 d5 2. exd5 Qxd5 3. d4 Nf6 4. Nc3 Qa5 5. Bc4 c6 6. Bd2 Bf5 7. Nf3 e6 8. O-O Nbd7 9. Re1 Qc7 10. h3 Bd6
11. Nh4 Bg6 12. Nxg6 hxg6 13. Qf3 O-O-O 14. Bg5 Rdf8 15. Bd3 Rh5 16. h4 Nh7 17. g3 Nxg5 18. hxg5 Rxg5 19. Ne4 Rh5 20. Nxd6+ Qxd6
21. Rad1 Rfh8 22. Kf1 Qxd4 23. g4 Rh1+ 24. Ke2
1-0

[Event "Viking Challenge"]
[Site "SchemingMind.com"]
[Date "2015.02.28"]
[Round "-"]
[White "DHall"]
[Black "kenneth m day"]
[Result "0-1"]
[WhiteCountry "ENG"]
[BlackCountry "USA"]
[WhiteElo "1899"]
[WhiteRD "65"]
[BlackElo "1792"]
[BlackRD "50"]
[GameID "375502"]

1. e4 d5 2. exd5 Qxd5 3. Nc3 Qd6 4. d4 Nf6 5. Nf3 a6 6. g3 Bg4 7. Bg2 Nc6 8. O-O O-O-O 9. h3 Bh5 10. Bf4 Qd7
11. g4 Bg6 12. Ne5 Qxd4 13. Qf3 Qb6 14. Nxc6 Qxc6 15. Qg3 Qb6 16. Be3 Qa5 17. a3 e6 18. Qf3 c6
0-1

[Event "Viking Challenge"]
[Site "SchemingMind.com"]
[Date "2015.02.28"]
[Round "-"]
[White "Uzi Mike"]
[Black "Scooter"]
[Result "1-0"]
[WhiteCountry "USA"]
[BlackCountry "USA"]
[WhiteElo "2069"]
[WhiteRD "94"]
[BlackElo "1708"]
[BlackRD "44"]
[GameID "375537"]

1. e4 d5 2. exd5 Qxd5 3. Nf3 Nf6 4. Nc3 Qd8 5. Bc4 Bg4 6. Ne5 Be6 7. Bxe6 fxe6 8. d4 g6 9. O-O Nbd7 10. Nf3 Nd5
11. Ng5 Nxc3 12. bxc3 e5 13. Qf3 Qb8 14. Qf7+ Kd8 15. Ne6+ Kc8 16. Qe8#
1-0

[Event "Viking Challenge"]
[Site "SchemingMind.com"]
[Date "2015.02.28"]
[Round "-"]
[White "Scooter"]
[Black "Uzi Mike"]
[Result "0-1"]
[WhiteCountry "USA"]
[BlackCountry "USA"]
[WhiteElo "1708"]
[WhiteRD "44"]
[BlackElo "2069"]
[BlackRD "94"]
[GameID "375538"]

1. e4 d5 2. exd5 Nf6 3. Bc4 Bg4 4. f3 Bf5 5. Ne2 Nxd5 6. Bxd5 Qxd5 7. Nbc3 Qd7 8. O-O e6 9. d3 Bc5+ 10. d4 Bb6
11. Be3 Nc6 12. Na4 Nb4 13. Nxb6 axb6 14. g4 Nxc2 15. Qc1 Nxa1 16. gxf5 Rxa2 17. Nc3 Ra6
0-1

[Event "Viking Challenge"]
[Site "SchemingMind.com"]
[Date "2015.03.01"]
[Round "-"]
[White "Uzi Mike"]
[Black "kenneth m day"]
[Result "1-0"]
[WhiteCountry "USA"]
[BlackCountry "USA"]
[WhiteElo "2166"]
[WhiteRD "94"]
[BlackElo "1769"]
[BlackRD "52"]
[GameID "375539"]

1. e4 d5 2. exd5 Qxd5 3. Nf3 Bg4 4. Nc3 Qd6 5. h3 Bh5 6. d4 c6 7. g4 Bg6 8. Ne5 Nd7 9. Nc4 Qc7 10. Qf3 f6
11. Bf4 e5 12. Bg3 O-O-O 13. O-O-O Bd6 14. Nxd6+ Qxd6 15. dxe5 Nxe5 16. Qe3 Qc7 17. Rxd8+ Qxd8 18. Qxa7 Ne7 19. Bc4 Nd5 20. Bxd5 cxd5
21. Nb5 Re8 22. Rd1 Nc6 23. Qa8+
1-0

[Event "Viking Challenge"]
[Site "SchemingMind.com"]
[Date "2015.03.01"]
[Round "-"]
[White "kenneth m day"]
[Black "Uzi Mike"]
[Result "0-1"]
[WhiteCountry "USA"]
[BlackCountry "USA"]
[WhiteElo "1692"]
[WhiteRD "52"]
[BlackElo "2195"]
[BlackRD "88"]
[GameID "375540"]

1. e4 d5 2. exd5 Qxd5 3. Nc3 Qe6+ 4. Nge2 Nf6 5. d4 Qb6 6. g3 e6 7. Bg2 Be7 8. O-O O-O 9. Na4 Qa5 10. c3 Bd7
11. Nc5 Bc6 12. Nxb7 Qb5 13. Nc5 Bxg2 14. Kxg2 Bxc5 15. dxc5 Nc6 16. Qc2 Rfe8 17. Be3 Ng4 18. c4 Nxe3+ 19. fxe3 Qxc5 20. Rf3 Rad8
21. Raf1 Ne5 22. Rf4 f5 23. Nd4 Qxc4 24. Qc3 Qxc3 25. bxc3 Ng4 26. R4f3 c5 27. Nc6 Rd2+ 28. Kg1 Nxh2 29. R3f2 Nxf1 30. Kxf1 Rd3
31. Nxa7 Rxe3 32. Nb5 Rxg3 33. Nd6 Rd8 34. Nb5 Rd1+ 35. Ke2 Rgd3 36. Nc7 g5 37. Nxe6 R1d2+ 38. Ke1 Rxf2 39. Kxf2 Rxc3 40. Nxg5 Ra3
41. Ne6 Rxa2+ 42. Kf3 h5 43. Nxc5 h4 44. Nd3 Ra3 45. Ke2 Rxd3 46. Kxd3 h3
0-1

[Event "Viking Challenge"]
[Site "SchemingMind.com"]
[Date "2015.02.28"]
[Round "-"]
[White "Uzi Mike"]
[Black "DHall"]
[Result "1-0"]
[WhiteCountry "USA"]
[BlackCountry "ENG"]
[WhiteElo "2120"]
[WhiteRD "94"]
[BlackElo "1899"]
[BlackRD "65"]
[GameID "375541"]

1. e4 d5 2. exd5 Qxd5 3. Nf3 Nf6 4. Nc3 Qd8 5. d4 Bg4 6. h3 Bxf3 7. Qxf3 c6 8. Be3 e6 9. Qg3 g6 10. Be2 Bd6
11. Qf3 Nbd7 12. O-O O-O 13. Rab1 Re8 14. Rfd1
1-0

[Event "Viking Challenge"]
[Site "SchemingMind.com"]
[Date "2015.02.28"]
[Round "-"]
[White "DHall"]
[Black "Uzi Mike"]
[Result "0-1"]
[WhiteCountry "ENG"]
[BlackCountry "USA"]
[WhiteElo "1899"]
[WhiteRD "65"]
[BlackElo "2120"]
[BlackRD "94"]
[GameID "375542"]

1. e4 d5 2. exd5 Nf6 3. d4 Qxd5 4. Nc3 Qa5 5. Nf3 Bf5 6. Bc4 e6 7. Bd2 Bb4 8. a3 Bxc3 9. Bxc3 Qb6 10. O-O Nc6
11. b4 Bg4 12. h3 Bh5 13. Re1 Bxf3
0-1

[Event "Viking Challenge"]
[Site "SchemingMind.com"]
[Date "2015.03.08"]
[Round "-"]
[White "Uzi Mike"]
[Black "John Galvin"]
[Result "0-1"]
[WhiteCountry "USA"]
[BlackCountry "USA"]
[WhiteElo "2195"]
[WhiteRD "88"]
[BlackElo "2338"]
[BlackRD "78"]
[GameID "375691"]

1. e4 d5 2. exd5 Qxd5 3. Nc3 Qd6 4. d4 Nf6 5. Nf3 a6 6. Bd3 Nc6 7. O-O Bg4 8. Ne4 Nxe4 9. Bxe4 O-O-O 10. c3 f5
11. Bxc6 Qxc6 12. Ne5 Bxd1 13. Nxc6 bxc6 14. Rxd1 Rg8 15. Re1 g5 16. b4 Rg6 17. a3 e6 18. Ra2 Bd6 19. Rae2 Kd7 20. Bd2 h5
21. c4 h4 22. Rd1 Bf8 23. Bc3 Kc8 24. Red2 Bg7 25. Rd3 g4 26. Kh1 Bf6 27. f4 gxf3 28. gxf3 Rdg8= 29. Re3 Bg5 30. Re2 h3
31. Rg1 Bf4 32. Rxg6 Rxg6 33. Bb2 Kd7
0-1

[Event "Viking Challenge"]
[Site "SchemingMind.com"]
[Date "2015.03.08"]
[Round "-"]
[White "John Galvin"]
[Black "Uzi Mike"]
[Result "1/2-1/2"]
[WhiteCountry "USA"]
[BlackCountry "USA"]
[WhiteElo "2339"]
[WhiteRD "80"]
[BlackElo "2207"]
[BlackRD "87"]
[GameID "375692"]

1. e4 d5 2. exd5 Nf6 3. Nf3 Qxd5 4. Nc3 Qa5 5. d4 Bf5 6. Ne5 c6 7. Bd3 Bxd3 8. Qxd3 Nbd7 9. Nxd7 Nxd7 10. O-O e6
11. Ne4 Nf6 12. Nxf6+ gxf6 13. Bf4 O-O-O 14. c3 Qd5 15. a4 Rg8 16. f3 Bd6 17. Bxd6 Qxd6 18. a5 f5 19. a6 b6 20. Kh1 h5
21. Rf2 h4 22. b4 Qd5 23. Rd2 Kb8 24. c4 Qd6 25. c5 Qc7 26. Qe3 b5 27. Qh6 h3 28. g3 Rh8 29. Qf6=
1/2-1/2

[Event "Viking Challenge"]
[Site "SchemingMind.com"]
[Date "2015.03.04"]
[Round "-"]
[White "Scooter"]
[Black "John Galvin"]
[Result "0-1"]
[WhiteCountry "USA"]
[BlackCountry "USA"]
[WhiteElo "1716"]
[WhiteRD "45"]
[BlackElo "2396"]
[BlackRD "88"]
[GameID "375693"]

1. e4 d5 2. exd5 Qxd5 3. Nc3 Qd6 4. Nf3 Nf6 5. Bc4 Be6 6. Bb3 Bxb3 7. axb3 Nc6 8. O-O e6 9. d3 a6 10. Nb5 Qd7
11. Bf4 Rc8 12. Nc3 Bd6 13. Bxd6 cxd6 14. Re1 O-O 15. Ne4 Nxe4 16. dxe4 Rfd8 17. c3 d5 18. exd5 Qxd5 19. Qxd5 Rxd5 20. Red1 Rb5
21. b4 a5 22. Nd4 Nxd4 23. Rxd4 axb4 24. Rxb4 Rxb4 25. cxb4 h6 26. f3 Rc4 27. Ra8+ Kh7 28. Ra4 Rc1+ 29. Kf2 Rc2+ 30. Kg3 Rxb2
31. h4 b5 32. Ra7 Kg6 33. h5+ Kf6 34. Rb7 Rxb4 35. Kh3 Rb1 36. g4 b4 37. Kg3 b3 38. Kf2 b2 39. Ke2 Rh1
0-1

[Event "Viking Challenge"]
[Site "SchemingMind.com"]
[Date "2015.03.04"]
[Round "-"]
[White "John Galvin"]
[Black "Scooter"]
[Result "1-0"]
[WhiteCountry "USA"]
[BlackCountry "USA"]
[WhiteElo "2384"]
[WhiteRD "88"]
[BlackElo "1708"]
[BlackRD "44"]
[GameID "375694"]

1. e4 d5 2. exd5 Qxd5 3. Nc3 Qd8 4. d4 Nf6 5. Nf3 Bg4 6. Be2 g6 7. h3 Bxf3 8. Bxf3 c6 9. Bf4 Bg7 10. Qd2 Nd5
11. Nxd5 cxd5 12. c3 O-O 13. h4 e6 14. h5 Nd7 15. O-O-O Qf6 16. Qe3 Rac8 17. Bg5
1-0

[Event "Viking Challenge"]
[Site "SchemingMind.com"]
[Date "2015.03.05"]
[Round "-"]
[White "kenneth m day"]
[Black "John Galvin"]
[Result "0-1"]
[WhiteCountry "USA"]
[BlackCountry "USA"]
[WhiteElo "1733"]
[WhiteRD "54"]
[BlackElo "2339"]
[BlackRD "80"]
[GameID "375695"]

1. e4 d5 2. exd5 Qxd5 3. Nc3 Qd6 4. d4 Nf6 5. Nf3 a6 6. Be2 Bf5 7. O-O Nc6 8. Bg5 O-O-O 9. Re1 Nxd4 10. Nxd4 Qxd4
11. Qxd4 Rxd4 12. Be3 Rd7 13. Rad1 Rxd1 14. Rxd1 Bxc2 15. Rd2 Bf5 16. Bf4 e6 17. Rd4 Be7 18. Rc4 c5 19. b4 b5 20. Nxb5 axb5
21. Rc1 Nd5 22. Bd2 c4 23. a3 Kb7 24. Bf3 Bf6 25. g4 Bg6 26. Kg2 Bb2 27. Re1 Ra8 28. Bc1 c3 29. h4 Rxa3 30. h5 Bd3
31. Rd1 Bxc1 32. Rxc1 Kb6
0-1

[Event "Viking Challenge"]
[Site "SchemingMind.com"]
[Date "2015.03.04"]
[Round "-"]
[White "John Galvin"]
[Black "kenneth m day"]
[Result "1-0"]
[WhiteCountry "USA"]
[BlackCountry "USA"]
[WhiteElo "2396"]
[WhiteRD "88"]
[BlackElo "1769"]
[BlackRD "52"]
[GameID "375696"]

1. e4 d5 2. exd5 Qxd5 3. Nc3 Qd6 4. d4 Nf6 5. Nf3 a6 6. g3 Nc6 7. Bf4 Qb4 8. a3 Qxb2 9. Na4 Qxa1 10. Qxa1 Bg4
11. Bg2 O-O-O 12. Qb2 e6 13. Ne5 Rxd4 14. Nxg4 Nxg4 15. Bxc6 bxc6 16. Qxd4 e5 17. Bxe5 Nxe5 18. Qxe5 f6 19. Qe6+ Kd8 20. O-O Bd6
21. Rb1
1-0

[Event "Viking Challenge"]
[Site "SchemingMind.com"]
[Date "2015.03.04"]
[Round "-"]
[White "John Galvin"]
[Black "DHall"]
[Result "1-0"]
[WhiteCountry "USA"]
[BlackCountry "ENG"]
[WhiteElo "2394"]
[WhiteRD "83"]
[BlackElo "1899"]
[BlackRD "65"]
[GameID "375697"]

1. e4 d5 2. exd5 Qxd5 3. Nc3 Qd6 4. d4 Nf6 5. Nf3 a6 6. g3 Bg4 7. h3 Bh5 8. Bg2 Nc6 9. d5 Nb4 10. Bf4 Qc5
11. Be3 Qd6 12. Qe2 Nbxd5 13. Nxd5 Qxd5 14. O-O e6 15. g4
1-0

[Event "Viking Challenge"]
[Site "SchemingMind.com"]
[Date "2015.03.05"]
[Round "-"]
[White "DHall"]
[Black "John Galvin"]
[Result "0-1"]
[WhiteCountry "ENG"]
[BlackCountry "USA"]
[WhiteElo "1899"]
[WhiteRD "65"]
[BlackElo "2394"]
[BlackRD "83"]
[GameID "375698"]

1. e4 d5 2. exd5 Qxd5 3. Nc3 Qd8 4. Nf3 g6 5. Bc4 Nh6 6. d4 Bg7 7. Bf4 O-O 8. Qd2 Nf5 9. O-O-O Nd6 10. Be2 Bf5
11. Bh6 f6 12. Bxg7 Kxg7 13. Qe3 Qd7 14. Rhe1 Qe6
0-1

[Event "Viking Challenge"]
[Site "SchemingMind.com"]
[Date "2015.03.11"]
[Round "-"]
[White "Uzi Mike"]
[Black "michel"]
[Result "0-1"]
[WhiteCountry "USA"]
[BlackCountry "CAN"]
[WhiteElo "2207"]
[WhiteRD "87"]
[BlackElo "2387"]
[BlackRD "62"]
[GameID "376342"]

1. e4 d5 2. exd5 Qxd5 3. Nf3 Bg4 4. Nc3 Qe6+ 5. Qe2 Nc6 6. Qxe6 Bxe6 7. Bb5 Bd7 8. d4 O-O-O 9. Bf4 a6 10. Bc4 e6
11. O-O Nf6 12. Rad1 h6 13. Rfe1 g5 14. Bg3 b5 15. Be2 Be8 16. a4 g4 17. Nh4 Bg7 18. axb5 Nxd4 19. bxa6 Nxe2+ 20. Nxe2 Rxd1
21. Rxd1 Nh5 22. Ra1 Nxg3 23. fxg3 Kb8 24. a7+ Ka8 25. Ra5 Bf8 26. Kf1 Bb4 27. Re5 Rg8 28. c3 Bd6 29. Ra5 Rg5 30. Ra2 Re5
31. b3 Bb5 32. c4 Bc6 33. Rd2 Kxa7 34. Nd4 Be8 35. Ra2+ Kb7 36. Rd2 Re3 37. Kf2 Rc3 38. Ke2 Be5 39. Rd3 Rc1 40. h3 h5
41. Kd2 Rb1 42. Kc2 Re1 43. hxg4 hxg4 44. Kd2 Ra1 45. Ne2 Ra2+ 46. Kd1 Bc6 47. Nd4 Bf6 48. Nxc6 Kxc6 49. b4 Be7 50. Re3 Bxb4
51. Re4 Bd6 52. Rxg4 Kc5 53. Rg7 Kxc4 54. Rxf7 e5 55. Rf3 Bc5 56. Ng6 e4 57. Rf7 Bd6 58. Nf4 e3 59. Ne2 Ra1+
0-1

[Event "Viking Challenge"]
[Site "SchemingMind.com"]
[Date "2015.03.11"]
[Round "-"]
[White "michel"]
[Black "Uzi Mike"]
[Result "1-0"]
[WhiteCountry "CAN"]
[BlackCountry "USA"]
[WhiteElo "2387"]
[WhiteRD "62"]
[BlackElo "2207"]
[BlackRD "87"]
[GameID "376343"]

1. e4 d5 2. exd5 Nf6 3. Nc3 Nxd5 4. Bc4 Nxc3 5. Qf3 e6 6. dxc3 Bd6 7. Bf4 O-O 8. O-O-O Qh4 9. Nh3 Nd7 10. Qg3 Qxg3
11. Bxg3 Nb6 12. Bd3 e5 13. f3 Bxh3 14. gxh3 f6 15. h4 Bc5 16. Rhe1 c6 17. c4 Rfe8 18. h5 a5 19. c3 Rad8 20. Kc2 Nc8
21. f4 exf4 22. Bxf4 Nd6 23. b3 Ra8 24. a4 Nf7 25. Rxe8+ Rxe8 26. Bc7 Bd6 27. Bxa5 Bxh2 28. Bb6 Ne5 29. Bf5 g6 30. hxg6 hxg6
31. Rd8 Rxd8 32. Be6+ Kg7 33. Bxd8 g5 34. Bc7 g4 35. Bxe5 Bxe5 36. Bxg4 Kg6 37. Bd7 f5 38. c5 Bc7 39. b4 f4 40. Bc8 b6
41. cxb6 Bxb6 42. a5 Bd8 43. Kd3 c5 44. a6 Bb6 45. b5 f3 46. Ke4 Kf6 47. Bh3
1-0

[Event "Viking Challenge"]
[Site "SchemingMind.com"]
[Date "2015.03.07"]
[Round "-"]
[White "Scooter"]
[Black "michel"]
[Result "0-1"]
[WhiteCountry "USA"]
[BlackCountry "CAN"]
[WhiteElo "1708"]
[WhiteRD "44"]
[BlackElo "2318"]
[BlackRD "59"]
[GameID "376344"]

1. e4 d5 2. exd5 Qxd5 3. Nc3 Qa5 4. d4 Nf6 5. Bd2 c6 6. Nf3 Bf5 7. Ne4 Qc7 8. Nxf6+ gxf6 9. Nh4 Bg6 10. Nxg6 hxg6
11. Bd3 Rxh2 12. Rxh2 Qxh2 13. g3 Bh6 14. Ke2 Bxd2 15. Qxd2 Qh5+ 16. Ke3 c5 17. Bb5+ Nc6 18. Bxc6+ bxc6 19. dxc5 Rd8 20. Qc3 e5
21. Qc4 f5
0-1

[Event "Viking Challenge"]
[Site "SchemingMind.com"]
[Date "2015.03.07"]
[Round "-"]
[White "michel"]
[Black "Scooter"]
[Result "1-0"]
[WhiteCountry "CAN"]
[BlackCountry "USA"]
[WhiteElo "2318"]
[WhiteRD "59"]
[BlackElo "1708"]
[BlackRD "44"]
[GameID "376345"]

1. e4 d5 2. exd5 Qxd5 3. Nc3 Qd8 4. d4 Nf6 5. Nf3 g6 6. Bc4 Bg7 7. O-O Bg4 8. Bxf7+ Kxf7 9. Ne5+ Ke8 10. Nxg4 Rf8
11. Nxf6+ Bxf6 12. Be3 Nc6 13. Ne2 Nb4 14. c3 Nd5 15. Bh6 Rf7 16. Re1 Bg7 17. Bxg7 Rxg7 18. c4 Nf6 19. Nf4 Rf7 20. Ne6 Qd6
21. Qb3 b6 22. Qa4+ c6 23. d5
1-0

[Event "Viking Challenge"]
[Site "SchemingMind.com"]
[Date "2015.03.07"]
[Round "-"]
[White "michel"]
[Black "kenneth m day"]
[Result "1-0"]
[WhiteCountry "CAN"]
[BlackCountry "USA"]
[WhiteElo "2355"]
[WhiteRD "59"]
[BlackElo "1792"]
[BlackRD "50"]
[GameID "376346"]

1. e4 d5 2. exd5 Nf6 3. Nc3 Nxd5 4. Bc4 Nb6 5. Bb3 Nc6 6. Nf3 Bg4 7. Bxf7+ Kxf7 8. Ng5+ Kg8 9. Qxg4 Qd6 10. Nce4 Qd5
11. Qe6+ Qxe6 12. Nxe6 Nb4 13. Kd1 Kf7 14. N4g5+ Kf6 15. b3 h6 16. Bb2+ Kf5 17. g4+ Kg6 18. Nf3 N6d5 19. c4 Nf6 20. Ne5+ Kh7
21. a3 Nc6 22. Nxc6 bxc6 23. Rg1 Ne4 24. f4 Rg8 25. Kc2 Nd6 26. Nxc7 Rb8 27. Ne6 Rb7 28. h4 Ne4 29. g5 hxg5 30. hxg5 g6
31. Rh1+
1-0

[Event "Viking Challenge"]
[Site "SchemingMind.com"]
[Date "2015.03.08"]
[Round "-"]
[White "kenneth m day"]
[Black "michel"]
[Result "0-1"]
[WhiteCountry "USA"]
[BlackCountry "CAN"]
[WhiteElo "1792"]
[WhiteRD "50"]
[BlackElo "2355"]
[BlackRD "59"]
[GameID "376347"]

1. e4 d5 2. exd5 Qxd5 3. Nc3 Qa5 4. d4 Nf6 5. Nf3 Bf5 6. Bd2 c6 7. Bc4 e6 8. O-O Qc7 9. Ne5 Nbd7 10. Re1 Nxe5
11. dxe5 Ng4 12. Bf4 Qb6 13. Qd2 Bc5 14. Bg3 h5 15. h4 Rd8 16. Qe2 Qxb2 17. Na4 Bxf2+ 18. Bxf2 Qb4 19. Bb3 Rd2 20. Qf3 Rxf2
21. Qxf2 Nxf2 22. Kxf2 b5 23. c3 Qxh4+ 24. Kg1 bxa4
0-1

[Event "Viking Challenge"]
[Site "SchemingMind.com"]
[Date "2015.03.08"]
[Round "-"]
[White "michel"]
[Black "John Galvin"]
[Result "1/2-1/2"]
[WhiteCountry "CAN"]
[BlackCountry "USA"]
[WhiteElo "2355"]
[WhiteRD "59"]
[BlackElo "2394"]
[BlackRD "83"]
[GameID "376348"]

1. e4 d5 2. exd5 Nf6 3. Nc3 Nxd5 4. Bc4 e6 5. Nf3 Nxc3 6. bxc3 Bd6 7. d4 O-O 8. Qe2 c5 9. O-O Qc7 10. Bd3 Nc6
11. Re1 b6 12. h4 h6 13. Ne5 Bb7 14. Qh5 Bxe5 15. dxe5 Rfd8 16. Bxh6 gxh6 17. Qxh6=
1/2-1/2

[Event "Viking Challenge"]
[Site "SchemingMind.com"]
[Date "2015.03.08"]
[Round "-"]
[White "John Galvin"]
[Black "michel"]
[Result "1/2-1/2"]
[WhiteCountry "USA"]
[BlackCountry "CAN"]
[WhiteElo "2394"]
[WhiteRD "83"]
[BlackElo "2355"]
[BlackRD "59"]
[GameID "376349"]

1. e4 d5 2. exd5 Qxd5 3. Nc3 Qa5 4. d4 Nf6 5. Nf3 Bf5 6. Ne5 c6 7. Nc4 Qd8 8. Be3 e6 9. Bd3 Bxd3 10. Qxd3 Be7
11. O-O-O Nbd7 12. Kb1 Qc7 13. f4 O-O 14. Ne4 Nd5 15. Ne5 Rfd8 16. c4 Nxe5 17. fxe5 Nxe3 18. Qxe3 c5=
1/2-1/2

[Event "Viking Challenge"]
[Site "SchemingMind.com"]
[Date "2015.03.08"]
[Round "-"]
[White "michel"]
[Black "DHall"]
[Result "1-0"]
[WhiteCountry "CAN"]
[BlackCountry "ENG"]
[WhiteElo "2355"]
[WhiteRD "59"]
[BlackElo "1899"]
[BlackRD "65"]
[GameID "376350"]

1. e4 d5 2. exd5 Qxd5 3. Nc3 Qa5 4. d4 Nf6 5. Bc4 Bf5 6. Bd2 c6 7. Qf3 e6 8. d5 Bg4 9. Qf4 cxd5 10. Bb5+ Nc6
11. Bxc6+ bxc6 12. Ne4 Qd8 13. Nxf6+ Qxf6 14. Qxg4 Qxb2 15. Rc1 h5 16. Qf4 e5 17. Qg5 e4 18. c3 Qb7 19. Ne2 f6 20. Qg6+ Qf7
21. Nf4 Qxg6 22. Nxg6 Rg8 23. Nxf8 Rxf8 24. Rb1 Rf7 25. Ke2 Kd8 26. Be3 Rc7 27. Rb2 Ke7 28. Rhb1 Rd8 29. Bc5+ Kd7 30. a4 Ra8
31. a5
1-0

[Event "Viking Challenge"]
[Site "SchemingMind.com"]
[Date "2015.03.08"]
[Round "-"]
[White "DHall"]
[Black "michel"]
[Result "0-1"]
[WhiteCountry "ENG"]
[BlackCountry "CAN"]
[WhiteElo "1899"]
[WhiteRD "65"]
[BlackElo "2355"]
[BlackRD "59"]
[GameID "376351"]

1. e4 d5 2. exd5 Qxd5 3. Nc3 Qa5 4. d4 Nf6 5. Nf3 Bf5 6. Bc4 e6 7. Bd2 c6 8. Qe2 Bb4 9. O-O-O Nbd7 10. a3 Bxc3
11. Bxc3 Qc7 12. Ne5 Nxe5 13. dxe5 Nd5 14. Bd2 O-O-O 15. g4 Bg6 16. h4 h5 17. f3 Qb6 18. g5 Rd7 19. Bb3 Rhd8 20. Rhe1 Qd4
21. Ba5 Qf4+ 22. Kb1 b6 23. Bxd5 cxd5
0-1

[Event "Viking Challenge"]
[Site "SchemingMind.com"]
[Date "2015.03.12"]
[Round "-"]
[White "The Stonewall"]
[Black "Uzi Mike"]
[Result "0-1"]
[WhiteCountry "ENG"]
[BlackCountry "USA"]
[WhiteElo "2229"]
[WhiteRD "78"]
[BlackElo "2207"]
[BlackRD "87"]
[GameID "376389"]

1. e4 d5 2. Nc3 d4 3. Nce2 Nf6 4. Ng3 h5 5. Nf3 h4 6. Nf5 Nc6 7. N5xh4 g5 8. Nf5 Nxe4 9. d3 Nxf2 10. Kxf2 Bxf5
11. Bxg5 Qd6 12. g3 O-O-O 13. Bg2 Kb8 14. Re1 f6 15. Bd2 Bg4 16. Kg1 e5 17. Qc1 Qe6 18. Nh4 Bc5 19. Ng6 Rhg8 20. Nh4 Bh3
21. Bf3 f5 22. Ng2 e4 23. Nf4 Qh6 24. dxe4 Ne5 25. Bg2 Bxg2 26. Kxg2 fxe4 27. Rxe4 Qc6 28. Qe1 Nc4
0-1

[Event "Viking Challenge"]
[Site "SchemingMind.com"]
[Date "2015.03.12"]
[Round "-"]
[White "Uzi Mike"]
[Black "The Stonewall"]
[Result "1-0"]
[WhiteCountry "USA"]
[BlackCountry "ENG"]
[WhiteElo "2166"]
[WhiteRD "94"]
[BlackElo "2244"]
[BlackRD "82"]
[GameID "376390"]

1. e4 d5 2. exd5 Qxd5 3. Nf3 Nc6 4. Nc3 Qa5 5. Bb5 Bd7 6. d4 e6 7. O-O Bb4 8. Bd3 Nf6 9. Bd2 Nd5 10. Nxd5 Qxd5
11. c4 Qa5 12. Be3 Be7 13. c5 Nd8 14. a4 c6 15. Ne5 Qc7 16. Bf4 Qc8 17. Qh5 h6 18. Rae1 b6 19. d5 cxd5 20. cxb6 axb6
21. Rc1 Bc5 22. Nxd7 Qxd7 23. Bb5 Nc6 24. b4
1-0

[Event "Viking Challenge"]
[Site "SchemingMind.com"]
[Date "2015.03.12"]
[Round "-"]
[White "The Stonewall"]
[Black "Scooter"]
[Result "1-0"]
[WhiteCountry "ENG"]
[BlackCountry "USA"]
[WhiteElo "2251"]
[WhiteRD "87"]
[BlackElo "1708"]
[BlackRD "44"]
[GameID "376391"]

1. e4 d5 2. Nc3 dxe4 3. Nxe4 Bf5 4. Qf3 Bxe4 5. Qxe4 c6 6. Nf3 Nf6 7. Qh4 e6 8. d4 Be7 9. Bd3 Nbd7 10. O-O Qc7
11. Re1 O-O-O 12. Bf4 Bd6 13. Bxd6 Qxd6 14. Ne5 Qe7 15. c3 Nxe5 16. Rxe5 Rd5 17. Qg3 Rxe5 18. dxe5 Nh5 19. Qe3 g6 20. Qxa7 Kc7
21. g3 Rd8 22. Ba6 Rb8 23. Rd1 Ng7 24. b4 Qe8 25. b5
1-0